Niektóre państwa Azji i ich stolice - Statystyki

Ogólne statystyki
  • Ten quiz został rozwiązany 30 razy
  • Średni wynik to 26 z 33
Statystyki odpowiedzi
Hint Odpowiedź % Poprawnych
Chiny Pekin
100%
Japonia Tokio
100%
Izrael Jerozolima
95%
Rosja Moskwa
95%
Korea Północna Pjongjang
95%
Korea Południowa Seul
95%
Cypr Nikozja
89%
Indie Nowe Delhi
89%
Arabia Saudyjska Rijad
89%
Mongolia Ułan Bator
89%
Azerbejdżan Baku
84%
Kuwejt Kuwejt
84%
Singapur Singapur
84%
Iran Teheran
84%
Kazachstan Astana
79%
Turcja Astana
79%
Syria Damaszek
79%
Indonezja Dżakarta
79%
Wietnam Hanoi
79%
Afganistan Kabul
79%
Gruzja Tbilisi
79%
Irak Bagdad
74%
Tajlandia Bangkok
74%
Liban Bejrut
74%
Zjednoczone Emiraty Arabskie Abu Zabi
68%
Katar Doha
68%
Armenia Erywań
68%
Nepal Katmandu
68%
Filipiny Manila
68%
Jordania Amman
63%
Malezja Kuala Lumpur
63%
Pakistan Islamabad
58%
Uzbekistan Taszkent
58%
Nie znaleziono quizów pasujących do podanych kryteriów
Rozkład punktacji
Procent ludzi z każdym wynikiem
Percentyl według liczby udzielonych odpowiedzi
Twoja historia wyników
Nie rozwiązałeś tego quizu